[Event "1st Grandiscacchi Cattolica 2022"]
[Site "Cattolica"]
[Date "2022.03.06"]
[Round "7.2"]
[White "Pranav Anand"]
[Black "Basso, Pier Luigi"]
[Result "1/2-1/2"]
[WhiteElo "2436"]
[BlackElo "2600"]
[Annotator "TA"]
[PlyCount "140"]
[EventDate "2022.03.03"]
[EventType "swiss"]
[EventCountry "ITA"]
[SourceTitle "playchess.com"]
[Source "ChessBase"]
[SourceQuality "1"]

{[%evp 10,140,20,14,16,0,0,0,0,0,0,0,0,0,0,0,0,0,0,0,0,0,2,0,0,0,0,-48,-12,-43,-25,-53,-6,-30,-31,-65,-54,-78,-61,-62,-61,-81,-14,-21,-33,-62,-61,-61,-61,-61,-61,-61,-61,-61,-61,-61,-61,-61,-61,-61,-61,-61,0,-2,-2,-2,-2,-3,0,-10,-10,-10,-12,-35,-35,-35,-35,-35,-35,-35,-35,-35,-35,-35,-35,-35,-35,-55,0,-35,-32,-32,-32,-32,-32,-32,-32,-32,3,0,0,0,0,0,0,0,0,0,0,0,0,0,0,0,0,0,0,0,0,0,0,0,0,0,0,0,127,0,0,0,102,0,0]} 1. d4 d5 2. c4 c6 3. Nf3 Nf6 4. e3 Bg4 5. Qb3 Qb6 6. Ne5 Bf5 {D11: Slav Defence: 3 Nf3 sidelines and 3...Nf6 4 e3 Bg4.} 7. cxd5 $1 {[%mdl 4] is recently more successful than 7.Nc3.} Qxb3 8. axb3 Nxd5 9. Bd3 Bxd3 10. Nxd3 e6 11. Bd2 Na6 12. Ke2 Ndb4 13. Nxb4 Nxb4 14. Na3 {[%cal Bb1a3,Ba3c4,Bc4e5][%mdl 32] [#]} h5 $146 ({Predecessor:} 14... a6 15. Nc4 f6 16. g4 Be7 17. h4 Rd8 18. g5 f5 19. Rhg1 O-O 20. Ra4 Nd5 {1-0 (63) Esipenko,A (2654)-Basso,P (2600) Caleta 2020}) 15. Nc4 {[%cal Oc4b6] next Nb6! is good for White.} a6 $1 16. Ne5 Bd6 17. Rhc1 Nd5 18. h3 (18. h4 $11) 18... f6 19. Nd3 O-O-O 20. Rg1 Rde8 (20... h4 $15 {is more appropriate.}) 21. e4 Nc7 22. Bc3 Nb5 23. f4 Bc7 24. b4 f5 25. Ke3 Nd6 (25... fxe4 $17 26. Nc5 h4) 26. e5 $1 $11 Nb5 27. h4 Bb6 28. Rgd1 Rd8 {[%cal Rb5d4]} 29. Nc5 Rh6 30. g3 Nc7 31. Kf3 Rd5 32. Ke3 Rh8 33. Rd2 Rhd8 34. Rad1 Ba7 35. Ra1 b6 (35... Re8 $15) 36. Nd3 Kb7 37. Ne1 R8d7 38. Nc2 Nb5 39. Rad1 Rd8 40. Ke2 R5d7 41. Ne3 Bb8 {[%cal Ba7b8,Bb8c7,Bc7d8,Bd8e7][%mdl 32]} 42. Ke1 Bc7 43. Nc4 Ra8 44. Ra1 Bd8 45. Ke2 Be7 46. Ne3 Rad8 {[%cal Rb5d4]} 47. Rad1 Nc7 48. Nc2 Rd5 (48... Nd5 $15) 49. Ra1 g6 50. Rad1 Nb5 51. Ne3 R5d7 52. Ke1 Nc7 53. Nc2 c5 (53... Rh8 {keeps more tension.} 54. Kf2 Nd5 55. Ra1 b5 56. Rdd1 Rc8) 54. bxc5 bxc5 55. dxc5 Rxd2 56. Rxd2 Rxd2 57. Kxd2 Bxc5 {[%mdl 4096] [#] Endgame aiming for ...Bf2. KBN-KBN} 58. Kd3 Nd5 59. Bd4 Kc6 60. Bxc5 Kxc5 {KN-KN} 61. Nd4 Nb4+ 62. Kc3 Na2+ 63. Kd3 Nb4+ 64. Kc3 Na2+ 65. Kd3 Kd5 66. Nf3 Nb4+ 67. Kc3 Nc6 (67... a5 $11) 68. Kd3 (68. Ng5 $16) 68... Nb4+ 69. Kc3 Nc6 (69... a5 $11 {keeps the balance.}) 70. Kd3 ({Only move:} 70. Ng5 $16) 70... Nb4+ {Weighted Error Value: White=0.06 (flawless) /Black=0.08 (flawless)} 1/2-1/2

[Event "1st Grandiscacchi Cattolica 2022"]
[Site "Cattolica"]
[Date "2022.03.06"]
[Round "7.3"]
[White "Jobava, Baadur"]
[Black "Dimitrov, Radoslav"]
[Result "1-0"]
[WhiteElo "2588"]
[BlackElo "2487"]
[Annotator "TA"]
[PlyCount "73"]
[EventDate "2022.03.03"]
[EventType "swiss"]
[EventCountry "ITA"]
[SourceTitle "playchess.com"]
[Source "ChessBase"]
[SourceQuality "1"]

{[%evp 14,73,6,0,43,73,62,56,71,70,104,104,100,0,0,0,0,0,10,0,0,0,14,0,0,-105,0,0,0,0,149,130,138,141,321,287,643,641,586,641,636,599,617,604,561,485,707,707,808,814,813,790,821,830,835,821,825,824,833,722,825,689]} 1. e4 c6 2. d4 d5 3. exd5 cxd5 4. c4 Nf6 5. Nc3 e6 6. c5 Be7 7. Nf3 b6 8. b4 a5 {B14: Caro-Kann: Panov-Botvinnik Attack with 5...e6 and 5...g6.} (8... O-O $1 $11 {feels stronger.}) 9. Na4 $1 $14 Nfd7 10. Bb5 {Threatens to win with Nxb6.} O-O {White is slightly better.} 11. Bf4 {[#]} g5 $146 ({Predecessor:} 11... Bb7 12. Bxb8 Rxb8 13. c6 Bxb4+ 14. Kf1 Bxc6 15. Bxc6 b5 16. Bxd7 Qxd7 17. Nb2 Bc3 {1-0 (34) Bartel,M (2482)-Gyimesi,Z (2553) Nova Gorica 2004}) 12. Bg3 {White is more active.} f5 {[%cal Bf7f5,Bf5f4][%mdl 32]} 13. h4 (13. Qe2 $6 f4 $11) (13. Bxb8 $16 Rxb8 14. O-O) 13... f4 $11 14. Bh2 axb4 {[%cal Rb6c5]} 15. c6 g4 16. Ng5 $36 {[%mdl 2048] White fights for an advantage.} Nf6 17. Bxf4 {c7 is the strong threat.} Bd6 {Inhibits c7.} 18. Bxd6 Qxd6 19. Nxb6 {[#]} (19. Rc1 $1 $11) 19... Ra5 (19... Ba6 $1 $17 {[%cal Ra6b5][%mdl 512]} 20. Bxa6 (20. Nxa8 $2 {perishes.} Bxb5 21. c7 Nc6 $19) 20... Rxa6) 20. Nxc8 Rxc8 21. Be2 {[%cal Bb5e2,Be2g4,Bg4e6][%mdl 32]} h6 (21... Nxc6 $11 22. Bxg4 Nxd4 23. Qxd4 Nxg4 24. Qxg4 Qe5+ 25. Ne4+ Kh8) 22. Qb1 {White threatens Qg6+ and mate.} Qe7 {[#]} 23. Bxg4 $1 ({But not} 23. Qg6+ $6 Qg7 24. Qxg7+ Kxg7 25. Nxe6+ Kf7 $14) 23... hxg5 $2 {Black cannot hold the game after this.} (23... Nxg4 $2 24. Qg6+ Kh8 25. Nf7+ Qxf7 26. Qxf7 $18) (23... Rxc6 $16 24. Qg6+ Qg7 25. Qxg7+ Kxg7 26. Nxe6+ Kh8) 24. Qg6+ $18 {[%mdl 64] Zwischenzug, Double Attack} Qg7 $2 (24... Kh8 25. hxg5+ Nh7) 25. Bxe6+ {White is clearly winning.} Kf8 26. Qxg7+ Kxg7 27. Bxc8 {And now c7 would win.} Nxc6 28. hxg5 Ne4 29. Bf5 {aiming for Rh7+.} Nc3 (29... Nxg5 $142 30. Rh5 Ne7) 30. Rh7+ Kg8 31. Rb7 Nxd4 32. Bh7+ Kh8 {[#]} 33. Rxb4 $1 Nc6 34. Rh4 Kg7 35. Kd2 d4 36. Be4 Ne5 37. Bd3 {Weighted Error Value: White=0.15 (very precise) /Black=0.53} 1-0

[Event "1st Grandiscacchi Cattolica 2022"]
[Site "Cattolica"]
[Date "2022.03.06"]
[Round "7.4"]
[White "Nesterov, Arseniy"]
[Black "Akshat, Khamparia"]
[Result "1-0"]
[WhiteElo "2522"]
[BlackElo "2390"]
[Annotator "ChessBase"]
[PlyCount "87"]
[EventDate "2022.03.03"]
[EventType "swiss"]
[EventCountry "ITA"]
[SourceTitle "playchess.com"]
[Source "ChessBase"]
[SourceQuality "1"]
[TimeControl "5400+30"]

1. d4 {[%emt 0:00:06]} d5 {[%emt 0:03:13]} 2. c4 {[%emt 0:00:15]} dxc4 {[%emt 0:00:16]} 3. e4 {[%emt 0:01:25]} b5 {[%emt 0:02:35]} 4. a4 {[%emt 0:04:39]} c6 {[%emt 0:01:11]} 5. Nc3 {[%emt 0:17:47]} b4 {[%emt 0:00:45]} 6. Na2 {[%emt 0:01:05]} Nf6 {[%emt 0:01:16]} 7. e5 {[%emt 0:01:47]} Nd5 {[%emt 0:00:08]} 8. Bxc4 {[%emt 0:00:06]} e6 {[%emt 0:03:40]} 9. Nf3 {[%emt 0:00:24]} Ba6 {[%emt 0:05:28]} 10. Qd3 {[%emt 0:04:58]} Bxc4 {[%emt 0:03:23]} 11. Qxc4 {[%emt 0:00:02]} Be7 {[%emt 0:00:17]} 12. O-O {[%emt 0:02:20]} O-O {[%emt 0:02:09]} 13. Bd2 {[%emt 0:00:16]} a5 {[%emt 0:01:01]} 14. Nc1 {[%emt 0:00:10]} Qb6 {[%emt 0:05:25]} 15. Bg5 {[%emt 0:00:43]} Na6 {[%emt 0:07:59]} 16. Nb3 {[%emt 0:00:28]} Rfd8 {[%emt 0:03:30]} 17. Rac1 {[%emt 0:01:30]} h6 {[%emt 0:02:29]} 18. Bxe7 {[%emt 0:01:20]} Nxe7 {[%emt 0:00:06]} 19. Qc2 {[%emt 0:01:23]} Rd5 {[%emt 0:03:01]} 20. Nfd2 {[%emt 0:01:02]} Qd8 {[%emt 0:01:31]} 21. Ne4 {[%emt 0:01:35]} c5 {[%emt 0:14:52]} 22. dxc5 {[%emt 0:01:27]} Rxe5 {[%emt 0:00:26]} 23. Rfd1 {[%emt 0:01:58]} Qc7 {[%emt 0:08:04]} 24. Nd6 {[%emt 0:01:10]} Qc6 {[%emt 0:11:01]} 25. h4 {[%emt 0:03:27]} Qxa4 {[%emt 0:01:04]} 26. Nc4 {[%emt 0:02:55]} Rxc5 {[%emt 0:02:52]} 27. Nxc5 {[%emt 0:00:41]} Qxc2 {[%emt 0:00:36]} 28. Rxc2 {[%emt 0:00:02]} Nxc5 {[%emt 0:00:07]} 29. Nb6 {[%emt 0:00:05]} Rb8 {[%emt 0:02:52]} 30. Rxc5 {[%emt 0:00:11]} Rxb6 {[%emt 0:00:04]} 31. Rd7 {[%emt 0:00:12]} Nd5 {[%emt 0:02:24]} 32. Rxa5 {[%emt 0:00:33]} Rb8 {[%emt 0:01:48]} 33. Raa7 {[%emt 0:01:08]} Rf8 {[%emt 0:00:05]} 34. h5 {[%emt 0:00:17]} Nf6 {[%emt 0:01:06]} 35. Rdb7 {[%emt 0:00:06]} Nxh5 {[%emt 0:00:43]} 36. Rxb4 {[%emt 0:00:06]} g5 {[%emt 0:00:17]} 37. Rba4 {[%emt 0:01:59]} Kg7 {[%emt 0:00:17]} 38. Ra8 {[%emt 0:00:07]} Nf4 {[%emt 0:00:28]} 39. b4 {[%emt 0:00:50]} Nd5 {[%emt 0:00:40]} 40. b5 {[%emt 0:00:13]} Rxa8 {[%emt 0:02:24]} 41. Rxa8 {[%emt 0:00:01]} Kf6 {[%emt 0:00:06]} 42. Ra7 {[%emt 0:01:15]} h5 {[%emt 0:00:58]} 43. Rd7 {[%emt 0:00:09]} Nb6 {[%emt 0:01:22]} 44. Rd6 {[%emt 0:00:06]} 1-0

[Event "1st Grandiscacchi Cattolica 2022"]
[Site "Cattolica"]
[Date "2022.03.06"]
[Round "7.5"]
[White "Davtyan, Artur"]
[Black "Sebenik, Matej"]
[Result "1/2-1/2"]
[WhiteElo "2460"]
[BlackElo "2510"]
[Annotator "ChessBase"]
[PlyCount "64"]
[EventDate "2022.03.03"]
[EventType "swiss"]
[EventCountry "ITA"]
[SourceTitle "playchess.com"]
[Source "ChessBase"]
[SourceQuality "1"]
[TimeControl "5400+30"]

1. d4 {[%emt 0:02:46]} d5 {[%emt 0:00:24]} 2. c4 {[%emt 0:00:25]} c6 {[%emt 0:00:33]} 3. Nf3 {[%emt 0:00:12]} Nf6 {[%emt 0:00:32]} 4. Nc3 {[%emt 0:00:17]} a6 {[%emt 0:00:52]} 5. c5 {[%emt 0:06:35]} g6 {[%emt 0:02:12]} 6. Bf4 {[%emt 0:04:55]} Nh5 {[%emt 0:02:33]} 7. Bg5 {[%emt 0:12:05]} h6 {[%emt 0:01:49]} 8. Bd2 {[%emt 0:10:13]} Bg7 {[%emt 0:01:25]} 9. h3 {[%emt 0:00:18]} O-O {[%emt 0:04:30]} 10. Qc1 {[%emt 0:02:06]} Kh7 {[%emt 0:00:58]} 11. e4 {[%emt 0:16:12]} dxe4 {[%emt 0:01:42]} 12. Nxe4 {[%emt 0:00:08]} Be6 {[%emt 0:03:54]} 13. Nc3 {[%emt 0:05:48]} Bd5 {[%emt 0:03:27]} 14. Nxd5 {[%emt 0:14:23]} cxd5 {[%emt 0:00:07]} 15. Bd3 {[%emt 0:03:17]} Nc6 {[%emt 0:02:39]} 16. O-O {[%emt 0:00:05]} Nxd4 {[%emt 0:29:04]} 17. Nxd4 {[%emt 0:02:24]} Bxd4 {[%emt 0:00:06]} 18. Bxh6 {[%emt 0:04:27]} Re8 {[%emt 0:09:16]} 19. Qg5 {[%emt 0:03:57]} e5 {[%emt 0:02:11]} 20. Qxh5 {[%emt 0:00:47]} e4 {[%emt 0:00:05]} 21. Qd1 {[%emt 0:05:01]} exd3 {[%emt 0:05:42]} 22. Qxd3 {[%emt 0:00:14]} Bxc5 {[%emt 0:00:46]} 23. Bd2 {[%emt 0:02:00]} Qd6 {[%emt 0:06:24]} 24. Qf3 {[%emt 0:02:39]} Kg8 {[%emt 0:01:03]} 25. Rad1 {[%emt 0:00:16]} Re4 {[%emt 0:01:49]} 26. Bc3 {[%emt 0:01:02]} Rae8 {[%emt 0:02:33]} 27. Rd3 {[%emt 0:00:49]} Qe6 {[%emt 0:01:13]} 28. Rfd1 {[%emt 0:00:37]} Re2 {[%emt 0:05:34]} 29. Qxd5 {[%emt 0:00:04]} Bxf2+ {[%emt 0:00:34]} 30. Kh2 {[%emt 0:00:55]} Qxd5 {[%emt 0:03:11]} 31. Rxd5 {[%emt 0:00:01]} R2e3 {[%emt 0:00:29]} 32. Rg5 {[%emt 0:01:00]} Be1 {[%emt 0:01:31]} 1/2-1/2

[Event "1st Grandiscacchi Cattolica 2022"]
[Site "Cattolica"]
[Date "2022.03.06"]
[Round "7.6"]
[White "Barp, Alberto"]
[Black "Nisipeanu, Liviu-Dieter"]
[Result "0-1"]
[WhiteElo "2388"]
[BlackElo "2652"]
[Annotator "TA"]
[PlyCount "92"]
[EventDate "2022.03.03"]
[EventType "swiss"]
[EventCountry "ITA"]
[SourceTitle "playchess.com"]
[Source "ChessBase"]
[SourceQuality "1"]

{[%evp 23,92,18,54,58,42,35,52,62,42,47,50,43,42,41,37,13,25,26,27,0,0,0,0,0,0,7,8,0,0,0,0,0,0,0,0,0,0,0,0,-18,-28,-68,-55,-61,-69,-132,-124,-171,-144,-164,-136,-494,-494,-671,-622,-670,-670,-681,-675,-646,-665,-614,-597,-570,-552,-601,-594,-581,-595,-478,-379]} 1. d4 d6 2. Nf3 g6 3. c4 Bg7 4. Nc3 Nf6 5. g3 O-O 6. Bg2 Nbd7 7. O-O e5 8. e4 exd4 9. Nxd4 Re8 10. h3 Nc5 11. Re1 a5 12. Ndb5 Bd7 (12... Nfd7 {seems wilder.} 13. Nd5 Na6 14. Bd2 Bxb2 15. Rb1 Be5) 13. Bf4 {13.Qc2 deserves study. E68: King's Indian: Fianchetto: 6...Nbd7 7 0-0 e5 8 e4.} Bxb5 14. cxb5 Nfd7 15. Qc2 {White is slightly better.} h5 16. Rad1 h4 17. g4 Ne6 18. Be3 Be5 {Prevents f4.} 19. Nd5 {[#] Black must now prevent f4.} Rc8 $146 ({Predecessor:} 19... g5 20. Rf1 a4 21. f4 gxf4 22. Nxf4 Nxf4 23. Bxf4 Bxf4 24. Rxf4 Ne5 25. Qf2 Re6 26. Rf5 c5 27. Rf1 Qe7 28. Qd2 Rg6 29. Rh5 Kg7 30. Rff5 {½-½ (30) De Blois Figueredo,A (2364)-Palsson,J (2469) ICCF email 2010}) 20. f4 c6 $1 21. bxc6 (21. Nb6 $5 {[%cal Rb6c8]} Nxf4 22. Nxc8 Qxc8 23. bxc6 Qxc6 24. Qc1 $14) 21... bxc6 22. Nb6 Nxf4 23. Nxc8 Qxc8 24. Qd2 {[%csl LRa5,LRf4]} g5 25. Rf1 {[%cal Re3f4]} Qb8 26. Bxf4 gxf4 27. Rxf4 (27. Qxa5 Qxb2 28. Qc7 Nc5) 27... Bxf4 28. Qxf4 Ne5 29. Qg5+ Ng6 30. Qd2 Re6 31. Qxa5 Qxb2 32. Qd2 Qa3 {Black is more active.} 33. Rc1 c5 {[%cal Bc6c5,Bc5c4,Bc4c3][%mdl 32]} 34. Rb1 {[#]} (34. Rc3 $15 Qa6 35. Kh1) 34... c4 $1 $17 35. Rb8+ (35. Rc1 $17) 35... Kh7 36. Qf2 {To avoid Rf6} Re7 {Threatens to win with ...Rc7.} 37. Qd4 $2 {[%mdl 8192] This move loses the game for White.} (37. Bf1 $17 {is a better chance.}) 37... Rc7 $19 {...c3 is the strong threat. Black is clearly winning.} 38. Rb2 Qg3 39. Qf2 c3 40. Rc2 Nf4 41. Qxg3 hxg3 {[%cal Bh4g3,Bg3g2][%mdl 32] KRB-KRN} 42. Bf1 Kg6 43. h4 Kf6 44. a4 Rc5 45. a5 Rxa5 {And now ...Ra1 would win.} 46. Rxc3 g2 {Weighted Error Value: White=0.36/Black=0.03 (flawless)} 0-1

[Event "1st Grandiscacchi Cattolica 2022"]
[Site "Cattolica"]
[Date "2022.03.06"]
[Round "7.7"]
[White "Azarov, Sergei"]
[Black "Reuker, Jari"]
[Result "1/2-1/2"]
[WhiteElo "2600"]
[BlackElo "2425"]
[Annotator "TA"]
[PlyCount "122"]
[EventDate "2022.03.03"]
[EventType "swiss"]
[EventCountry "ITA"]
[SourceTitle "playchess.com"]
[Source "ChessBase"]
[SourceQuality "1"]

{[%evp 10,122,25,24,24,25,20,22,43,26,26,25,35,27,39,37,42,34,35,36,43,39,41,35,43,24,75,40,47,52,76,65,81,70,93,93,86,66,60,53,56,37,85,23,29,15,24,25,26,10,19,29,27,6,8,13,160,139,134,122,124,117,108,131,113,119,127,83,84,83,151,60,61,50,50,20,12,17,48,28,43,8,8,8,8,8,8,8,8,8,8,8,8,8,8,8,8,8,8,8,8,8,8,8,8,8,8,8,8,8,8,4,4,4,4]} 1. e4 e5 2. Nf3 Nc6 3. Bc4 Bc5 4. d3 Nf6 5. Bg5 h6 6. Bh4 Be7 {C50: Hungarian Defence and Giuoco Pianissimo.} 7. Bg3 d6 8. a4 a5 9. Nbd2 O-O 10. c3 Be6 11. O-O {[#]} Bxc4 $146 ({Predecessor:} 11... Nh5 12. Nxe5 Nxe5 13. Bxe5 Bxc4 14. Nxc4 dxe5 15. Qxh5 Qxd3 16. Nxe5 Qxe4 17. Rfe1 Qh4 {1-0 (28) Radovanovic,N (2438)-Stevanic,D (2297) Veliko Gradiste 2018}) 12. Nxc4 Re8 13. Re1 Bf8 14. Bh4 Be7 15. Qb3 Qc8 16. Bxf6 Bxf6 17. Ne3 g6 (17... Nb8 $11 {remains equal.}) 18. h4 Ne7 19. d4 h5 20. Rad1 Kg7 21. Rd3 Ra6 22. dxe5 Bxe5 23. Ng5 Rf8 24. Nc4 {Pair of Knights!} Nc6 25. Rd5 Bf6 (25... Bf4 $14) 26. Rb5 {White is much more active.} (26. f4 $16) 26... b6 27. Ne3 Ne5 28. Rd5 Ra8 29. Rdd1 Bxg5 30. hxg5 Qe6 31. c4 {Black should prevent Nd5.} f6 $1 32. f4 $36 {[%mdl 2048] Black is under pressure.} Nd7 (32... Ng4 $11) 33. Nd5 $16 Rac8 34. Qc3 Rf7 35. gxf6+ Nxf6 36. e5 $1 dxe5 37. Rxe5 ({Don't take} 37. Qxe5 Qxe5 38. fxe5 Nxd5 39. cxd5 Rf4 $14) 37... Nxd5 38. Rdxd5 ({Inferior is} 38. Rxe6+ Nxc3 39. bxc3 Rxf4 $17) ({Of course not} 38. Rexd5+ $6 Qf6 $11) (38. cxd5 $142 Qf6 39. Rd4) 38... Qf6 39. c5 $1 Kh7 {[#]} (39... Rb8 $142) 40. f5 (40. Rd7 $1 $16 {[%cal Rd7f7][%mdl 512] Threatens to win with Rxf7+.} Rb8 {[#]} (40... bxc5 41. Rxh5+) 41. Rxh5+ $3 {[%mdl 512]} Kg8 42. Qxf6 Rxf6 43. Rhh7) 40... gxf5 $14 41. Rxf5 (41. Qh3 {with more complications.} Kg6 42. Rxf5 Qxf5 43. Rxf5 Rxf5 44. Qe3) 41... Qxc3 42. Rxh5+ (42. Rxf7+ {is interesting.} Kg6 43. bxc3 Kxf7 44. Rxh5 Kg6 45. Rd5) 42... Kg8 {( -> ...Qe3+)} 43. bxc3 $11 {[%mdl 4096] Endgame KRR-KRR} Re8 44. cxb6 cxb6 45. Rd6 Re4 {The position is equal.} 46. Rxb6 Rxa4 47. Rg5+ Rg7 48. Rb8+ Kh7 49. Rh5+ Kg6 50. Rbb5 Rc7 51. Rhd5 Rf4 52. Rd6+ Rf6 53. Rd3 Rfc6 54. Rg3+ Kf6 55. Rf3+ Kg6 56. Rxa5 Rxc3 57. Kf2 Rxf3+ 58. gxf3 Rc4 59. Kg3 Kf6 60. f4 Rc1 61. Kg4 Rg1+ {White really could win this.  Weighted Error Value: White=0.10 (very precise) /Black=0.12 (very precise)} 1/2-1/2

[Event "1st Grandiscacchi Cattolica 2022"]
[Site "Cattolica"]
[Date "2022.03.06"]
[Round "7.8"]
[White "Nikolov, Momchil"]
[Black "Lodici, Lorenzo"]
[Result "0-1"]
[WhiteElo "2501"]
[BlackElo "2537"]
[Annotator "ChessBase"]
[PlyCount "92"]
[EventDate "2022.03.03"]
[EventType "swiss"]
[EventCountry "ITA"]
[SourceTitle "playchess.com"]
[Source "ChessBase"]
[SourceQuality "1"]
[TimeControl "5400+30"]

1. d4 {[%emt 0:04:14]} Nf6 {[%emt 0:01:29]} 2. c4 {[%emt 0:00:15]} e6 {[%emt 0:00:05]} 3. Nf3 {[%emt 0:00:19]} c5 {[%emt 0:00:04]} 4. d5 {[%emt 0:00:23]} exd5 {[%emt 0:00:04]} 5. cxd5 {[%emt 0:00:07]} d6 {[%emt 0:00:02]} 6. Nc3 {[%emt 0:00:24]} g6 {[%emt 0:00:04]} 7. h3 {[%emt 0:00:19]} a6 {[%emt 0:00:04]} 8. a4 {[%emt 0:00:14]} Qe7 {[%emt 0:00:02]} 9. Bf4 {[%emt 0:05:38]} Bg7 {[%emt 0:00:05]} 10. e3 {[%emt 0:00:15]} Nbd7 {[%emt 0:00:25]} 11. Be2 {[%emt 0:00:48]} O-O {[%emt 0:00:34]} 12. O-O {[%emt 0:00:17]} Rb8 {[%emt 0:06:56]} 13. Bh2 {[%emt 0:02:20]} Ne8 {[%emt 0:00:39]} 14. Nd2 {[%emt 0:03:02]} f5 {[%emt 0:04:34]} 15. Nc4 {[%emt 0:07:45]} b6 {[%emt 0:05:57]} 16. Qc2 {[%emt 0:02:28]} Ne5 {[%emt 0:00:48]} 17. Rab1 {[%emt 0:03:44]} Nxc4 {[%emt 0:12:14]} 18. Bxc4 {[%emt 0:00:07]} Nc7 {[%emt 0:00:03]} 19. b4 {[%emt 0:00:53]} Bd7 {[%emt 0:00:46]} 20. bxc5 {[%emt 0:28:12]} bxc5 {[%emt 0:04:06]} 21. Ne2 {[%emt 0:08:15]} a5 {[%emt 0:19:56]} 22. Nf4 {[%emt 0:02:48]} Rb4 {[%emt 0:00:19]} 23. Nd3 {[%emt 0:04:37]} Bxa4 {[%emt 0:06:24]} 24. Qa2 {[%emt 0:01:07]} Bb5 {[%emt 0:00:18]} 25. Bxb5 {[%emt 0:05:39]} Nxb5 {[%emt 0:08:22]} 26. Qxa5 {[%emt 0:07:24]} Rxb1 {[%emt 0:00:17]} 27. Rxb1 {[%emt 0:00:02]} Nc3 {[%emt 0:00:05]} 28. Re1 {[%emt 0:04:46]} Nxd5 {[%emt 0:03:10]} 29. Qa6 {[%emt 0:06:20]} Rd8 {[%emt 0:02:58]} 30. Rb1 {[%emt 0:01:20]} Qe4 {[%emt 0:03:28]} 31. Rc1 {[%emt 0:00:02]} Nc3 {[%emt 0:03:48]} 32. Kh1 {[%emt 0:00:29]} g5 {[%emt 0:04:08]} 33. Bg3 {[%emt 0:00:57]} Qd5 {[%emt 0:02:58]} 34. Qb6 {[%emt 0:01:01]} Rd7 {[%emt 0:00:48]} 35. Nb2 {[%emt 0:00:12]} Kf7 {[%emt 0:11:27]} 36. Ra1 {[%emt 0:00:29]} Ne4 {[%emt 0:00:27]} 37. Rd1 {[%emt 0:00:59]} Qb7 {[%emt 0:00:16]} 38. Qxb7 {[%emt 0:00:29]} Rxb7 {[%emt 0:00:01]} 39. Nc4 {[%emt 0:00:01]} Ke6 {[%emt 0:00:10]} 40. Kh2 {[%emt 0:00:39]} d5 {[%emt 0:00:10]} 41. Nd2 {[%emt 0:00:27]} Nxd2 {[%emt 0:01:02]} 42. Rxd2 {[%emt 0:00:03]} Rb2 {[%emt 0:00:33]} 43. Rd3 {[%emt 0:00:07]} Be5 {[%emt 0:00:55]} 44. Bxe5 {[%emt 0:01:53]} Kxe5 {[%emt 0:00:01]} 45. Kg3 {[%emt 0:00:01]} Ke4 {[%emt 0:00:48]} 46. Ra3 {[%emt 0:00:03]} f4+ {[%emt 0:00:08]} 0-1

[Event "1st Grandiscacchi Cattolica 2022"]
[Site "Cattolica"]
[Date "2022.03.06"]
[Round "7.9"]
[White "Kamalidenova, Meruert"]
[Black "Mirzoev, Emil"]
[Result "1-0"]
[WhiteElo "2362"]
[BlackElo "2460"]
[Annotator "ChessBase"]
[PlyCount "127"]
[EventDate "2022.03.03"]
[EventType "swiss"]
[EventCountry "ITA"]
[SourceTitle "playchess.com"]
[Source "ChessBase"]
[SourceQuality "1"]
[TimeControl "5400+30"]

1. e4 {[%emt 0:00:06]} e5 {[%emt 0:01:00]} 2. Nf3 {[%emt 0:00:09]} Nc6 {[%emt 0:00:11]} 3. Bb5 {[%emt 0:00:35]} a6 {[%emt 0:00:21]} 4. Ba4 {[%emt 0:00:23]} Bc5 {[%emt 0:00:36]} 5. O-O {[%emt 0:01:02]} d6 {[%emt 0:02:31]} 6. c3 {[%emt 0:03:12]} Bd7 {[%emt 0:00:54]} 7. d4 {[%emt 0:03:21]} Ba7 {[%emt 0:00:14]} 8. Bg5 {[%emt 0:03:32]} f6 {[%emt 0:09:46]} 9. Be3 {[%emt 0:00:52]} Nge7 {[%emt 0:00:09]} 10. b4 {[%emt 0:06:12]} O-O {[%emt 0:03:19]} 11. Bb3+ {[%emt 0:03:07]} Kh8 {[%emt 0:00:17]} 12. dxe5 {[%emt 0:05:13]} fxe5 {[%emt 0:04:34]} 13. Ng5 {[%emt 0:07:01]} Qe8 {[%emt 0:00:36]} 14. Ne6 {[%emt 0:00:19]} Bxe6 {[%emt 0:01:03]} 15. Bxe6 {[%emt 0:02:29]} Bxe3 {[%emt 0:04:59]} 16. fxe3 {[%emt 0:00:34]} Qg6 {[%emt 0:00:27]} 17. Qg4 {[%emt 0:02:31]} Rxf1+ {[%emt 0:34:18]} 18. Kxf1 {[%emt 0:00:09]} Qxg4 {[%emt 0:03:08]} 19. Bxg4 {[%emt 0:00:06]} Ng8 {[%emt 0:02:01]} 20. Nd2 {[%emt 0:02:48]} Nf6 {[%emt 0:00:06]} 21. Be6 {[%emt 0:05:26]} a5 {[%emt 0:00:44]} 22. b5 {[%emt 0:03:11]} Nd8 {[%emt 0:00:05]} 23. Bb3 {[%emt 0:03:54]} g6 {[%emt 0:04:53]} 24. a4 {[%emt 0:02:54]} Kg7 {[%emt 0:01:06]} 25. Ke2 {[%emt 0:01:32]} Kf8 {[%emt 0:02:19]} 26. h3 {[%emt 0:05:58]} Ke7 {[%emt 0:01:20]} 27. g4 {[%emt 0:00:33]} Ne6 {[%emt 0:02:17]} 28. Bxe6 {[%emt 0:04:23]} Kxe6 {[%emt 0:00:15]} 29. c4 {[%emt 0:00:10]} Rh8 {[%emt 0:10:44]} 30. Rc1 {[%emt 0:03:23]} b6 {[%emt 0:00:49]} 31. Rf1 {[%emt 0:00:57]} g5 {[%emt 0:04:10]} 32. Kd3 {[%emt 0:10:45]} h5 {[%emt 0:02:59]} 33. Rf5 {[%emt 0:03:24]} hxg4 {[%emt 0:00:16]} 34. hxg4 {[%emt 0:00:05]} Rh2 {[%emt 0:02:00]} 35. Nf3 {[%emt 0:04:22]} Ra2 {[%emt 0:01:23]} 36. Rxg5 {[%emt 0:00:43]} Ra3+ {[%emt 0:00:26]} 37. Ke2 {[%emt 0:00:28]} Ra2+ {[%emt 0:00:17]} 38. Kd3 {[%emt 0:01:30]} Ra3+ {[%emt 0:00:27]} 39. Ke2 {[%emt 0:00:02]} Nxe4 {[%emt 0:00:21]} 40. Rg7 {[%emt 0:00:52]} Rxa4 {[%emt 0:00:43]} 41. Rxc7 {[%emt 0:01:07]} Ra2+ {[%emt 0:00:13]} 42. Kd3 {[%emt 0:02:49]} Nf2+ {[%emt 0:01:48]} 43. Kc3 {[%emt 0:00:04]} Nxg4 {[%emt 0:00:47]} 44. Ng5+ {[%emt 0:00:20]} Kf5 {[%emt 0:00:23]} 45. Nf7 {[%emt 0:00:06]} Nxe3 {[%emt 0:00:46]} 46. Nxd6+ {[%emt 0:00:31]} Ke6 {[%emt 0:00:19]} 47. Rc6 {[%emt 0:03:10]} a4 {[%emt 0:01:40]} 48. Rxb6 {[%emt 0:01:09]} a3 {[%emt 0:00:00]} 49. Kd3 {[%emt 0:01:14]} Nf5 {[%emt 0:00:28]} 50. Ne4+ {[%emt 0:00:38]} Ke7 {[%emt 0:00:13]} 51. Ra6 {[%emt 0:01:11]} Nd4 {[%emt 0:00:29]} 52. Nc3 {[%emt 0:00:57]} Ra1 {[%emt 0:00:09]} 53. Ke4 {[%emt 0:01:39]} Nb3 {[%emt 0:00:35]} 54. Kxe5 {[%emt 0:00:37]} Rc1 {[%emt 0:00:56]} 55. Nd5+ {[%emt 0:00:21]} Kd8 {[%emt 0:00:38]} 56. Rxa3 {[%emt 0:00:14]} Nd2 {[%emt 0:00:02]} 57. Ra8+ {[%emt 0:00:55]} Kd7 {[%emt 0:00:01]} 58. Ra4 {[%emt 0:01:28]} Nb3 {[%emt 0:00:29]} 59. Ra7+ {[%emt 0:00:47]} Kc8 {[%emt 0:00:01]} 60. Ne7+ {[%emt 0:00:56]} Kb8 {[%emt 0:00:00]} 61. Nc6+ {[%emt 0:02:34]} Kc8 62. b6 {[%emt 0:00:00]} Re1+ {[%emt 0:00:02]} 63. Kf4 {[%emt 0:00:00]} Rf1+ {[%emt 0:00:08]} 64. Kg3 {[%emt 0:00:00]} 1-0